00434pab a2200145 454500008004500000100001900045245007100064260001400135300001200149362001200161650001200173650001700185700002400202773006200226180718b2013-2014 xxu||||| |||| 00| 0 eng d aTrivedi, Jigna aA study of semester system pattern in schools - an empirical study c2013-2014 ap.1-12. aJul-Jan aSchools aExaminations aSoni, Bindiya Kunal aPrestige International Journal of Management and Research